LEADER 01174nam a2200301 u 4500 001 000000064598 003 CaOOAMICUS 005 20070226121356.0 008 011121s1986 it u000 u ita u 020 $a8816950242 035 $a10910811 040 $aPUL(R)$bita 100 1 $aBoella, Laura.$0(OLS)http://pul/name/42799 245 10$aErnst Bloch, trame della speranza /$cLaura Boella. 260 $aMilano :$bJaca Book,$cc1986. 300 $a306 p. ;$c24 cm 490 1 $aLe Edizioni universitarie Jaca.$aFilosofia ;$v24 500 $aContiene indice. 504 $aBibliografia in nota. 600 14$aBloch, Ernst,$d1885-1977.$0(OLS)http://pul/subject/17636 830 3$aLe Edizioni universitarie Jaca.$pFilosofia ;$v24.$0(OLS)http://pul/title/175 850 $aPUL 852 $aPUL$W1$xSL Filosofia 1$y2$m85 I 33$j83729$nBK-PRI$b $qStampati$B83729$CPULBib$Z2$F83729 $H $81 941 1 $a8 961 $aINV: 56168 996 $6020$a8816950242$9(OLS)http://pul/number/83838 996 $6245$aErnst Bloch, trame della speranza$9(OLS)http://pul/title/86061 996 $6260$aMilano :$bJaca Book$9(OLS)http://pul/publisher/47900 LEADER 01348nam a2200325 u 4500 001 000000074020 003 CaOOAMICUS 005 20070226122421.0 008 021129s1999 it u000 u ita u 020 $a8845220362 035 $a10946408 040 $aPUL$bita 245 03$aLe nuove tecnologie della comucazione /$c[a cura di] Gianfranco Bettetini, Fausto Colombo. 250 $a6. ed. 260 $aMilano :$bBompiani,$c1999. 300 $a358 p. ;$c19 cm 490 1 $aStrumenti Bompiani 504 $aBibliografia: p. [339]-358. 650 4$aComunicazioni di massa$xSistemi informatici.$0(OLS)http://pul/subject/20310 650 4$aElaborazione automatica dei dati.$0(OLS)http://pul/subject/12704 700 1 $aColombo, Fausto.$0(OLS)http://pul/name/49040 700 1 $aBettetini, Gianfranco,$d1933-$0(OLS)http://pul/name/32348 830 0$aStrumenti Bompiani.$0(OLS)http://pul/title/86114 850 $aPUL 852 $aPUL$W1$xSL Religione 2$y84$mRH E2 65$j95571$nBK-PRI$b $qStampati altre collocazioni$B95571$CPULBib$Z2$F95571 $H $81 941 1 $a10 961 $aINV: 87438 996 $6020$a8845220362$9(OLS)http://pul/number/95694 996 $6245$aLe nuove tecnologie della comucazione$9(OLS)http://pul/title/97280 996 $6260$aMilano :$bBompiani$9(OLS)http://pul/publisher/48240